00000000nam 2200000zi 4500
0019.947414
003CaOODSP
00520250130164731
006m     o  d f      
007cr |n|||||||||
008250127s1937    onca    o    f000 0 eng d
040 |aCaOODSP|beng|erda|cCaOODSP
043 |an-cn-ab
0861 |aA52-286/1937E-PDF
0861 |zA51-27E-PDF
1001 |aAlbright, W. D., |eauthor.
24510|aExperimental Sub-Station, Beaverlodge, Alberta : |bresults of experiments, 1931-1936 / |cW. D. Albright.
24616|aReport of the Dominion Experimental Sub-Station, Beaverlodge, Alta., 1931 to 1936
264 1|aOttawa : |bMinister of Agriculture, |c1937
300 |a1 online resource (49 pages) : |billustrations
336 |atext|btxt|2rdacontent
337 |acomputer|bc|2rdamedia
338 |aonline resource|bcr|2rdacarrier
500 |aDigitized edition from print [provided by Agriculture and Agri-Food Canada].
61025|aBeaverlodge Experimental Sub-Station.
650 0|aAgricultural experiment stations|zAlberta|zBeaverlodge.
650 6|aStations agronomiques|zAlberta|zBeaverlodge.
7102 |aBeaverlodge Experimental Sub-Station, |eissuing body.
7102 |aDominion Experimental Farms and Stations (Canada), |eissuing body.
85640|qPDF|s10.60 MB|uhttps://publications.gc.ca/collections/collection_2024/aac-aafc/A51-27-1931-eng.pdf